All Marvel Movies Ever - Statistics

General Stats
  • This quiz has been taken 212 times
  • The average score is 36 of 53
Answer Stats
Year Answer % Correct
2008 Iron Man
93%
1990 Captain America
92%
2010 Iron Man 2
92%
2013 Iron Man 3
90%
2002 Spider-Man
88%
2011 Thor
85%
2003 Hulk
84%
2004 Spider-Man 2
83%
2007 Spider-Man 3
83%
2000 X-Men
83%
2018 Avengers Infinity War
82%
2012 The Avengers
82%
2016 Captain America: Civil War
81%
2015 Ant-Man
80%
2015 Avengers: Age of Ultron
80%
2018 Black Panther
77%
2012 The Amazing Spider-Man
76%
2017 Thor: Ragnarok
76%
2014 Captain America: The Winter Soldier
75%
2008 The Incredible Hulk
75%
2017 Spider-Man: Homecoming
74%
2013 Thor: The Dark World
74%
2019 Captain Marvel
73%
2016 Doctor Strange
73%
2014 The Amazing Spider-Man 2
73%
2014 Guardians of the Galaxy
72%
2018 Ant-Man and the Wasp
69%
2005 Fantastic Four
68%
2015 Fantastic Four
68%
2011 Captain America : The First Avenger
66%
2003 Daredevil
64%
2016 Deadpool
64%
2017 Guardians of the Galaxy Vol. 2
63%
2003 X2
63%
2014 X-Men: Days of Future Past
63%
2006 X-Men: The Last Stand
63%
1998 Blade
62%
2016 X-Men: Apocalypse
60%
2011 X-Men : First Class
60%
2013 The Wolverine
58%
2009 X-Men Origins: Wolverine
55%
2007 Ghost Rider
54%
2004 Blade: Trinity
53%
2007 Fantastic Four: Rise of the Silver Surfer
52%
1986 Howard the Duck
52%
1989 The Punisher
50%
2004 The Punisher
50%
2005 Elektra
49%
2002 Blade II
41%
2008 Punisher: War Zone
36%
2012 Ghost Rider: Spirit of Vengeance
33%
2019 Avengers 4
31%
2017 Wolverine 3
20%
No matching quizzes found
Score Distribution
Percent of People with Each Score
Percentile by Number Answered
Your Score History
You have not taken this quiz